Tendencie koncentrácie podnikov v kontexte synergických efektov
Koncentrácia a stratégia externého rastu podniku. Synergické motívy. Oceňovanie prírastku hodnoty. Zdroje prírastku peňažných tokov. Manažérska efektívnosť. Operačná a finančná synergia.
Enregistré dans:
| Auteur principal: | |
|---|---|
| Format: | Chapitre de livre |
| Langue: | slovaque |
| Sujets: | |
| Tags: |
Pas de tags, Soyez le premier à ajouter un tag!
|
MARC
| LEADER | 00000naa$a2200000$$$4500 | ||
|---|---|---|---|
| 001 | 0182831 | ||
| 005 | 20240502073127.8 | ||
| 041 | 0 | |a slo | |
| 044 | |a SK | ||
| 245 | 1 | 0 | |a Tendencie koncentrácie podnikov v kontexte synergických efektov |c Magdaléna Kubranová |
| 520 | |a Koncentrácia a stratégia externého rastu podniku. Synergické motívy. Oceňovanie prírastku hodnoty. Zdroje prírastku peňažných tokov. Manažérska efektívnosť. Operačná a finančná synergia. | ||
| 610 | 2 | 0 | |a podnik |
| 610 | 2 | 0 | |a koncentrácia |
| 610 | 2 | 0 | |a fúzie |
| 610 | 2 | 0 | |a akvizícia |
| 610 | 2 | 0 | |a synergia |
| 610 | 2 | 0 | |a hodnota podniku |
| 610 | 2 | 0 | |a výnosy |
| 610 | 2 | 0 | |a financie |
| 610 | 2 | 0 | |a majetok |
| 610 | 2 | 0 | |a efektívnosť |
| 100 | 1 | |a Kubranová, Magdaléna, 1956- | |